Statistics for Countries That Had A Monkey Pox Case Detected

Click here to take the quiz!

General Stats

  • This quiz has been taken 19 times
  • The average score is 6 of 7

Answer Stats

HintAnswer% Correct
EuropeUnited Kingdom
100%
North AmericaUnited States
100%
North AmericaCanada
94%
EuropeItaly
94%
EuropePortugal
89%
EuropeSpain
89%
EuropeSweden
56%

Score Distribution

Percentile by Number Answered

Percent of People with Each Score

Your Score History

You have not taken this quiz